Technické a ekonomické informácie.
Uložené v:
| Médium: | Časopis |
|---|---|
| Jazyk: | Slovak |
| Vydané: |
Bratislava :
Slovenský ústav pre technické a ekonomické informácie,
1959.
|
| Tagy: |
Pridať tag
Žiadne tagy, Buďte prvý kto otaguje tento záznam!
|
Titul je dostupný aj v ... 

MARC
| LEADER | 00000nas a2200000 a 4500 | ||
|---|---|---|---|
| 001 | 000310708 | ||
| 003 | SVKK | ||
| 005 | 20190104162904.0 | ||
| 008 | 040812d1959 xo r|p||| |0 a0slo c | ||
| 040 | |a KE001 |b slo |e AACR2 | ||
| 041 | 0 | |a slo | |
| 044 | |a xo |c SK | ||
| 245 | 0 | 0 | |a Technické a ekonomické informácie. |
| 260 | |a Bratislava : |b Slovenský ústav pre technické a ekonomické informácie, |c 1959. | ||
| 310 | |a Vychádza nepravidelne | ||
| 910 | |a KE001 |b C.1462 | ||
| 998 | |a SE | ||
| 090 | |g CASOS |k Sklad Pribinova suterén |a C.1462 |j 16220 |i 2720600029 |4 Silne poškodené |s Vyradená | ||